[Event "Leiden Chess Tournament 2010"]
[Site "Leiden NED"]
[Date "2010.07.09"]
[Round "1.11"]
[White "Kaufman, Raymond"]
[Black "Van Der Pluijm, Rick"]
[Result "1-0"]
[WhiteElo "2333"]
[BlackElo "1703"]
[PlyCount "59"]
[EventDate "2010.07.07"]
[EventType "swiss"]
[EventRounds "9"]
[EventCountry "NED"]
[Source "lmi"]
[SourceDate "2010.07.07"]

1. d4 e6 2. c4 d5 3. Nf3 f5 4. Nc3 Nf6 5. Bg5 c6 6. e3 Be7 7. Be2 O-O 8. O-O
Nbd7 9. Qc2 Ne4 10. Bxe7 Qxe7 11. Rab1 Rf6 12. b4 Rh6 13. b5 Nxc3 14. Qxc3 g5
15. bxc6 bxc6 16. Rfc1 g4 17. Nd2 a5 18. cxd5 exd5 19. Bd3 Ba6 20. Bxa6 Rxa6
21. Qd3 c5 22. Qxf5 Rae6 23. Qxd5 Qh4 24. Nf1 Nf8 25. dxc5 Rh5 26. Qc4 Rf5 27.
Ng3 Rf7 28. Rb6 Qf6 29. Qxg4+ Rg7 30. Nh5 1-0

[Event "Leiden Chess Tournament 2010"]
[Site "Leiden NED"]
[Date "2010.07.13"]
[Round "5.19"]
[White "Timmermans, Ivo"]
[Black "Blankert, Willem"]
[Result "0-1"]
[WhiteElo "2241"]
[BlackElo "2008"]
[PlyCount "68"]
[EventDate "2010.07.07"]
[EventType "swiss"]
[EventRounds "9"]
[EventCountry "NED"]
[Source "lmi"]
[SourceDate "2010.07.07"]

1. d4 e6 2. c4 f5 3. g3 Nf6 4. Bg2 c6 5. Nf3 d5 6. b3 Bd6 7. O-O Qe7 8. Bb2 b6
9. Qc1 Bb7 10. cxd5 exd5 11. Ba3 O-O 12. Bxd6 Qxd6 13. Qa3 c5 14. Nc3 Nbd7 15.
Rfd1 f4 16. Rd3 Ne4 17. Rad1 fxg3 18. hxg3 Qh6 19. Qc1 Qh5 20. dxc5 Ndxc5 21.
Re3 Rac8 22. Qb2 Rcd8 23. b4 d4 24. Rxd4 Rxd4 25. Nxd4 Nxf2 26. Rf3 Bxf3 27.
exf3 Ncd3 28. Qd2 Rf6 29. f4 Qe8 30. Bf1 Qg6 31. Qe3 Nxf4 32. Bc4+ Kh8 33. Qe7
Qxg3+ 34. Kf1 Qh3+ 0-1

[Event "Leiden Chess Tournament 2010 - B"]
[Site "Leiden NED"]
[Date "2010.07.12"]
[Round "4.1"]
[White "Polak, Alexander"]
[Black "Bekker, Michael"]
[Result "0-1"]
[WhiteElo "1737"]
[BlackElo "1651"]
[PlyCount "140"]
[EventDate "2010.07.07"]
[EventType "swiss"]
[EventRounds "9"]
[EventCountry "NED"]
[Source "lmi"]
[SourceDate "2010.07.07"]

1. e4 c5 2. Nf3 e6 3. d4 cxd4 4. Nxd4 a6 5. Be3 b5 6. Qd2 Bb7 7. f3 Qc7 8. Nb3
Nf6 9. a4 b4 10. a5 Nc6 11. Bb6 Qe5 12. Bd4 Nxd4 13. Qxd4 Qf4 14. N1d2 d5 15.
Qb6 Rb8 16. Bxa6 Bc8 17. Bb5+ Bd7 18. Bxd7+ Nxd7 19. Qd4 Qg5 20. exd5 Qxg2 21.
O-O-O Rc8 22. dxe6 fxe6 23. Rhe1 e5 24. Rxe5+ Nxe5 25. Qxe5+ Be7 26. Re1 O-O
27. Qe6+ Kh8 28. Qxe7 Rxf3 29. Qe4 Rf2 30. Qxg2 Rxg2 31. a6 Rg6 32. Nc5 h6 33.
Ndb3 Ra8 34. Nd4 Rg2 35. Rd1 Rxh2 36. Nde6 g5 37. Rd8+ Rxd8 38. Nxd8 g4 39. Kd1
g3 40. Nf7+ Kh7 41. Ne5 Rf2 42. Ke1 Rf5 43. a7 Rxe5+ 44. Kf1 Re8 45. Na6 Ra8
46. Nxb4 Rxa7 47. Kg2 Rg7 48. Nd5 h5 49. Nf4 Kh6 50. Kh3 Rg4 51. Ng2 Kg5 52. b3
h4 53. c4 Re4 54. c5 Rb4 55. c6 Rxb3 56. c7 Rc3 57. Ne1 g2+ 58. Kxg2 Rxc7 59.
Nf3+ Kg4 60. Ne5+ Kf4 61. Nd3+ Kg5 62. Nf2 Rc2 63. Kf3 Rc3+ 64. Kg2 Rg3+ 65.
Kh2 Kf4 66. Nh1 Rf3 67. Kg2 Ke3 68. Kh2 Rf1 69. Kg2 Ke2 70. Kh2 Kf3 0-1

[Event "Leiden Chess Tournament 2010 - B"]
[Site "Leiden NED"]
[Date "2010.07.15"]
[Round "6.1"]
[White "Sanders, Catheleijne"]
[Black "Bekker, Michael"]
[Result "1-0"]
[WhiteElo "1751"]
[BlackElo "1651"]
[PlyCount "53"]
[EventDate "2010.07.07"]
[EventType "swiss"]
[EventRounds "9"]
[EventCountry "NED"]
[Source "lmi"]
[SourceDate "2010.07.07"]

1. e4 c5 2. Nf3 e6 3. d4 cxd4 4. Nxd4 a6 5. Nc3 b5 6. a3 Bb7 7. Bd3 Qc7 8. Be3
Nf6 9. O-O d6 10. Qe2 Nbd7 11. f4 Be7 12. f5 e5 13. Nb3 O-O 14. Rad1 Nc5 15.
Nxc5 dxc5 16. Qf3 c4 17. Be2 Bc5 18. g4 Nxg4 19. Qxg4 Bxe3+ 20. Kh1 f6 21. Rf3
Bd4 22. Rh3 Bxc3 23. bxc3 Qc6 24. Bf3 Bc8 25. Qh5 h6 26. Rg1 Qc5 27. Rxg7+ 1-0

[Event "Leiden Chess Tournament 2010 - B"]
[Site "Leiden NED"]
[Date "2010.07.15"]
[Round "6.2"]
[White "Van Der Laan, Hugo"]
[Black "Van Der Zon, Stef"]
[Result "0-1"]
[WhiteElo "1712"]
[BlackElo "1691"]
[PlyCount "44"]
[EventDate "2010.07.07"]
[EventType "swiss"]
[EventRounds "9"]
[EventCountry "NED"]
[Source "lmi"]
[SourceDate "2010.07.07"]

1. e4 c5 2. Nf3 d6 3. d4 cxd4 4. Nxd4 Nf6 5. Nc3 g6 6. Be3 Bg7 7. f3 O-O 8. Qd2
Nc6 9. O-O-O d5 10. Nxc6 bxc6 11. e5 Nd7 12. f4 Qa5 13. Kb1 Rb8 14. Qd4 c5 15.
Qd2 d4 16. Nd5 Qa3 17. Nxe7+ Kh8 18. Qc1 Qxe3 19. Qxe3 dxe3 20. Nxc8 Nxe5 21.
Nxa7 Ng4 22. Re1 Rxb2+ 0-1

[Event "Leiden Chess Tournament 2010 - B"]
[Site "Leiden NED"]
[Date "2010.07.16"]
[Round "7.1"]
[White "Van Der Zon, Stef"]
[Black "Bekker, Michael"]
[Result "1-0"]
[WhiteElo "1691"]
[BlackElo "1651"]
[PlyCount "85"]
[EventDate "2010.07.07"]
[EventType "swiss"]
[EventRounds "9"]
[EventCountry "NED"]
[Source "lmi"]
[SourceDate "2010.07.07"]

1. e4 c5 2. Nf3 e6 3. d4 cxd4 4. Nxd4 a6 5. c4 d6 6. Nc3 Nf6 7. Bd3 b6 8. O-O
Bb7 9. Re1 Qc7 10. Qe2 Nbd7 11. f4 Rc8 12. Nb3 Nc5 13. Nxc5 Qxc5+ 14. Be3 Qc7
15. Bd4 e5 16. Be3 Be7 17. Nd5 Nxd5 18. cxd5 b5 19. Rec1 Qd7 20. Rxc8+ Bxc8 21.
Rc1 O-O 22. Qc2 exf4 23. Bxf4 Qg4 24. Be3 f5 25. exf5 Bxf5 26. Rf1 Bxd3 27.
Rxf8+ Bxf8 28. Qxd3 Qb4 29. Qd2 Qxd2 30. Bxd2 Kf7 31. Kf2 Kf6 32. Bc3+ Kf5 33.
Kf3 g5 34. g4+ Kg6 35. Ke4 Be7 36. b3 Bd8 37. h3 a5 38. Bd4 b4 39. Kd3 Bc7 40.
Kc4 Bd8 41. Kb5 Bf6 42. Bb6 Bc3 43. Kc6 1-0

[Event "Leiden Chess Tournament 2010 - B"]
[Site "Leiden NED"]
[Date "2010.07.17"]
[Round "8.2"]
[White "Sanders, Catheleijne"]
[Black "Braggaar, Wessel"]
[Result "1-0"]
[WhiteElo "1751"]
[BlackElo "1749"]
[PlyCount "79"]
[EventDate "2010.07.07"]
[EventType "swiss"]
[EventRounds "9"]
[EventCountry "NED"]
[Source "lmi"]
[SourceDate "2010.07.07"]

1. e4 e6 2. d4 d5 3. e5 c5 4. c3 Nc6 5. Nf3 Qb6 6. a3 Nh6 7. b4 cxd4 8. cxd4
Nf5 9. Bb2 Bd7 10. Be2 Be7 11. O-O Rc8 12. Qd3 O-O 13. Nbd2 f6 14. Nb3 a6 15.
Rac1 Na7 16. Qd2 Bb5 17. Bxb5 Nxb5 18. Rc2 Na7 19. Rfc1 Rxc2 20. Rxc2 Nc6 21.
Qe1 fxe5 22. dxe5 Rd8 23. Qe2 a5 24. b5 a4 25. Nc1 Na5 26. Qd3 Nc4 27. Ne2 Qxb5
28. Ned4 Nxd4 29. Nxd4 Qb6 30. Bc1 Nxe5 31. Qe3 Bc5 32. Bb2 Nf7 33. Rxc5 Qxc5
34. Qxe6 Qd6 35. Qg4 Qe5 36. h3 Re8 37. Bc3 Nh6 38. Qd7 Qe7 39. Qxd5+ Nf7 40.
Nf5 1-0